Sciences par lettre - R - Statistiques

Statistiques générales
  • Ce quiz a été pris 60 fois
  • Le résultat moyen est 16 sur 20
Statistiques - réponses
Indices Réponses % Correct
Maladie infectieuse souvent mortelle, transmise à l'être humain par morsure / griffure / léchage d'un animal infecté Rage
100%
Pierre et Marie Curie ont obtenu le Prix Nobel de Chimie en 1911 pour la découverte de cet élément de symbole "Ra" Radium
98%
Échelle qui permet de quantifier la magnitude d'un séisme Richter
96%
Substance friable, de couleur brun rougeâtre, qui se forme lorsque des composés contenant du fer se corrodent Rouille
96%
Ces organes, situés de part et d'autre de la colonne vertébrale, assurent la filtration du sang et la production de l'urine Reins
94%
Sigle de trois lettres désignant la mémoire vive d’un ordinateur ou d'un téléphone mobile RAM
92%
Facteur, abrégé "Rh", qui détermine le caractère positif ou négatif du groupe sanguin Rhésus
92%
Système qui utilise des ondes électromagnétiques pour détecter la position et la vitesse d'objets (avions, navires…) Radar
90%
Technologie immersive, abrégée "VR", qui plonge l'utilisateur dans un environnement artificiel avec lequel il peut interagir {Réalité} {virtuelle}
90%
Fonction assurée par l'inspiration / expiration, qui permet d'acheminer l'O2 dans l'organisme et d'en rejeter le CO2 Respiration
90%
Mouvement d'un corps autour d'un axe (matériel ou non) ou d'un point Rotation
90%
Opération de valorisation par laquelle les déchets sont transformés en de nouvelles substances, matières ou produits Recyclage
86%
Fonction mathématique, réciproque de la fonction carré, définie sur [0 ; +∞[ par : f (x) = √x {Racine} {carrée}
80%
Unité (de symbole "rad") de mesure d'angle du Système international Radian
72%
Signification de la grandeur "R" dans la loi d'Ohm (U = R × I) Résistance
64%
Réaction chimique au cours de laquelle une espèce (appelée "oxydant") gagne un ou plusieurs électrons Réduction
58%
Substances présentes à l'état initial d'une réaction et qui réagissent ensemble pour former de nouveaux produits Réactifs
52%
Partie du spectre électromagnétique correspondant à des fréquences comprises entre 10 kHz et 300 GHz Radio
50%
Scientifique néo-zélandais, prénommé Ernest, considéré comme le "père de la physique nucléaire" Rutherford
32%
Grandeur sans dimension qui caractérise l'efficacité d'une transformation physique ou chimique Rendement
28%
Aucun quiz correspondant
Distribution des résultats
% des personnes avec chaque résultat
Percentile par nombre de réponses
Votre historique - résultats
Vous n’avez pas pris ce quiz